Statistics for the next step season 1

Click here to take the quiz!

General Stats

  • This quiz has been taken 17 times
  • The average score is 14 of 15

Answer Stats

HintAnswer% Correct
best dancer in the studioeldon
100%
X dance captainemily
100%
likes rileyjames
100%
hair wipmichelle
100%
in J troupe [girl]richelle
100%
likes jamesriley
100%
hip hop dancerwest
100%
second to leave e girlschloe
92%
choreographerchris
92%
moves to B troupegiselle
92%
studio headkate
92%
in J troupe [boy]noah
92%
emily best friendstephanie
92%
hip hop dancer [girl]tiffany
92%
contemtorary dancerdaniel
85%

Score Distribution

Percentile by Number Answered

Percent of People with Each Score

Your Score History

You have not taken this quiz